000 00939nam2a2200265 4500
001 RU\NLR\bibl\78810
005 20250616103028.0
010 _a5-09-005514-9
_910000
021 _aRU
_b1999-46928
_92317
035 _a(NLR Aleph) 000076937
090 _a426857
_c426857
100 _a20000405d1999 |||y0rusy50 ca
101 0 _arus
102 _aRU
105 _aa |||||||||
200 0 _aЧ. 2
210 _d1999
_aБ. м.
215 _a607,[1] с.
_cил.
461 0 _1001RU\NLR\bibl\73928
_12001#$aЛитература$vЧ. 2
_9398271
_cСПб.
_d1999
_e2-е изд.
_f[Авт.-сост.: Н.С. Русина и др.]
_nОтд-ние изд-ва "Просвещение"
_oУчеб.-хрестоматия для 10 кл. нац. шк. : В 2 ч.
_tЛитература
_y5-09-005512-2
_vЧ. 2
801 0 _aRU
_bNLR
_c20000405
_gPSBO
801 1 _aRU
_bNLR
_c20000405
852 _aNLR
_j99-3/18996
942 _cBOOK
980 _aNB